Pays qui commencent par une voyelle - Statistiques

Statistiques générales
  • Ce quiz a été pris 338 fois
  • Le résultat moyen est 28 sur 37
Statistiques - réponses
Réponse % Correct
Yemen
94%
Uruguay
90%
Espagne
89%
Arménie
85%
Inde
85%
Irlande
85%
Allemagne
84%
Australie
84%
Italie
84%
Albanie
83%
Algérie
83%
Islande
80%
Ouzbékistan
80%
Oman
79%
Ouganda
79%
Afghanistan
78%
Andorre
78%
Autriche
78%
Estonie
78%
Indonésie
78%
Argentine
76%
Afrique du sud
74%
Azerbaidjan
74%
Érythrée
74%
Irak
73%
Iran
73%
États-Unis
72%
Éthiopie
72%
Ukraine
72%
Angola
71%
Arabie saoudite
68%
Égypte
68%
Émirats arabes unis
67%
Équateur
66%
Israël
66%
Eswatini
61%
Antigua-et-Barbuda
60%
Aucun quiz correspondant
Distribution des résultats
% des personnes avec chaque résultat
Percentile par nombre de réponses
Votre historique - résultats
Vous n’avez pas pris ce quiz